000 00792nmm a2200253 a 4500
001 ocm000667878
003 TR-IsHL
005 20201028135940.0
008 131212s2006 tu tur
007 cr cn
035 _a667878
_b(N$T)
050 0 4 _aTX725.T9
_bT87 2006
090 0 4 _aTX725.T9
_bT87 2006
100 1 _aTürkan, Cemal
245 1 0 _aYemek repertuarı
_h[electronic resource] /
_cCemal Türkan
260 _aAdapazarı :
_bDeğişim Yayınları,
_c2006
300 _a304 p.
650 4 _aGenel Çalışmalar
650 4 _aGeneral Works
650 0 _aAşçılık, Türk
650 0 _aCooking, Turkey
650 7 _aCOOKING / Regional & Ethnic / Turkish
_2bisacsh
856 4 0 _uhttp://search.ebscohost.com/login.aspx?direct=true&scope=site&db=e011xww&AN=667878
999 _c7019
_d7019